Laddar...

Kavyameemamsa /

Bibliografiska uppgifter
Huvudupphovsman: Sukumarapillai, K.
Språk:Undetermined
Publicerad: Trivandrum : Kerala Bhasha Institute , 1977, 2007.
Upplaga:4th ed.
Serie:Kerala Bhasha Insitute publication
LEADER 00894nam a2200181Ia 4500
001 48282
008 170722s9999 xx 000 0 und d
100 |a Sukumarapillai, K. 
245 |a Kavyameemamsa / 
250 |a 4th ed. 
260 |a Trivandrum :  |b Kerala Bhasha Institute ,  |c 1977, 2007. 
300 |a 439 p.  |c 20.5cms 
490 |a Kerala Bhasha Insitute publication 
942 |c GEN 
999 |c 102811  |d 102811 
952 |0 0  |1 0  |4 0  |6 O_15G_32L71KRL71132P7  |7 0  |9 144681  |a LIB  |b LIB  |d 2017-08-12  |o O15:g 32L71(KR)-L71;1,32P7  |p 192886  |r 2017-08-12  |v 18.00  |w 2017-08-12  |y GEN 
952 |0 0  |1 0  |4 0  |6 O_15G_32L71KRL71132P7  |7 0  |9 144682  |a LIB  |b LIB  |d 2017-08-12  |o O15:g 32L71(KR)-L71;1,32P7  |p 192887  |r 2017-08-12  |v 18.00  |w 2017-08-12  |y GEN 
952 |0 0  |1 0  |4 0  |6 O_15G_32L71KRL71132P7  |7 0  |9 144683  |a LIB  |b LIB  |d 2013-09-30  |e Kerala Book Marketing Society  |l 15  |o O15:g 32L71(KR)-L71;1,32P7  |p 292127  |r 2020-07-03  |s 2020-02-15  |v 18.00  |w 2017-08-12  |y GEN